Отчет по Виленскому учебному округу за 1853 год

Доступно только в Электронных читальных залах Найти на картеНа карте
RUSMARC
00003506nmc2a2200000 x 450
0013f471f0b-f0ce-489b-b0ed-d7c4e8b514fd
00520160707210416.0
100##$a20150706l18531854k l0rusy0189 ca
1010#$arus
102##$aRU
2001#$aОтчет по Виленскому учебному округу за 1853 год
$j1853-1854 гг.
251##$cДело
300##$aДело
801#0$aRU
$bРГИА
$c20150706
$gRCR
801#1$aRU
$bГлавНИВЦ
$c20150706
$2rusmarc
801#2$aRU
$bПБ им. Б.Н. Ельцина
$c20160707
$gRCR
$2rusmarc
850##$aРГИА
852##$aРГИА
$eФедеральное казенное учреждение "Российский государственный исторический архив" (РГИА)
$j413
937##$hРГИА
$d11610055
$aASBIBLIO_SCAN
461#0$1001a74412a3-3cc5-4d21-8f0a-dfe2fbd9e72d
$12001
$aДепартамент народного просвещения Министерства народного просвещения (1803-1917)
$1251
$cФонд
$1852
$j733
462#0$1001fd6b21ee-d87a-47e3-a853-b37a42a57f1e
$12001
$aОтчеты научных учреждений и учебных округов Департамента народного просвещения
$1251
$cОпись
$1852
$j95
215##$a67 л.
$d36,5х26 см
371##$aДокумент не является опубликованным и широко распространяемым
105##$ay###
1222#$ad
035##$a3f471f0b-f0ce-489b-b0ed-d7c4e8b514fd
Формат отображения